01175cam a22003011 4500001001300000003000400013005001700017008004100034010001700075035001900092040004700111042001200158050002100170100004900191245010500240260002300345300005800368410005100426500004300477500010800520504003000628650003700658650004100695650004200736700004900778710002900827999001700856gs 60000280 DLC20260227111409.0780725s1959 aluab b 000 0 eng c ags 60000280  a(OCoLC)4083503 aU.S. Geol. Survey. Libr.cMiDWdOCoLCdDLC apremarc00aQE81b.A17 no. 41 aLaMoreaux, Philip E.q(Philip Elmer),d1920-10aGeology and ground-water resources of Wilcox County, Alabama,cby P. E. LaMoreaux and L. D. Toulmin. aUniversity,c1959. aix, 280 p.billus., maps (part fold., 1 col.)c23 cm.20aGeological Survey of AlabamatCounty reportv4 aPart of illustrative matter in pocket. a"Prepared by the United States Geological Survey in cooperation with the Geological Survey of Alabama." aBibliography: p. 149-163. 0aGeologyzAlabamazWilcox County. 0aGroundwaterzAlabamazWilcox County. 0aWater-supplyzAlabamazWilcox County.1 aToulmin, Lyman Dorgan,d1904-ejoint author.2 aGeological Survey (U.S.) c29485d29485